00433nam a2200133Ia 4500100003400000942000700034654001600041245002900057260003900086300000800125546001200133999001700145952013700162 aSreenivas/ T.V./ Hari/K.V.S.  cBK aElectronics aSignal Processing System bTata Mc Graw hillaNew Delhic1993 a254 aENGLISH c32871d32871 001040708CRCaCRCEbCRCEd2023-03-17eProgressive Booksg360.00i3052 dt 20.09.93l0o p4871r2023-03-17v360.00w1993-09-20yBK